| 000 -CABECERA |
| Longitud fija campo de control |
00940cam a2200265 i 4500 |
| 001 - NÚMERO DE CONTROL |
| Número de control |
991034433809706706 |
| 003 - IDENTIFICADOR DEL NÚMERO DE CONTROL |
| Identificador del número de control |
OSt |
| 005 - FECHA Y HORA DE LA ÚLTIMA TRANSACCIÓN |
| Fecha y hora de la última transacción |
20211221125223.0 |
| 008 - CÓDIGOS DE INFORMACIÓN DE LONGITUD FIJA |
| Códigos de información de longitud fija |
170112r19951920spc|||| |||| 0|0 0 cat| |
| 035 ## - NÚMERO DE CONTROL DEL SISTEMA |
| Número de control del sistema |
(ES-BaCBU).b68380793 |
| 035 ## - NÚMERO DE CONTROL DEL SISTEMA |
| Número de control del sistema |
(OCoLC)1055880231 |
| 040 ## - FUENTE DE LA CATALOGACIÓN |
| Centro catalogador de origen |
ES-BaBC |
| Lengua de catalogación |
cat |
| Normas de descripción |
rda |
| Centro transcriptor |
CDMR |
| Centro modificado |
CDMR |
| 080 ## - NÚMERO DE LA CLASIFICACIÓN DECIMAL UNIVERSAL |
| Número de la Clasificación Decimal Universal |
821.134.1 |
| Subdivisión auxiliar común |
(082.2) |
| -- |
(05) |
| Identificador de la edición |
2004 |
| 245 00 - MENCIÓN DE TÍTULO |
| Título |
75 aniversari de la revista Recull : |
| Resto del título |
1920-1995 : edició facsímil, núm. 1 |
| 264 #1 - PRODUCCIÓN, PUBLICACIÓN , DISTRIBUCIÓN, FABRICACIÓN Y COPYRIGHT |
| Lugar de producción, publicación, distribución, fabricación |
[Blanes] : |
| Nombre del productor, editor, distribuidor, fabricante |
[editor no identificat], |
| Fecha de de producción, publicación, distribución, fabricación o copyright |
[1995] |
| 300 ## - DESCRIPCIÓN FÍSICA |
| Extensión |
19 pàgines no numerades ; |
| Dimensiones |
23 cm |
| 500 ## - NOTA GENERAL |
| Nota general |
Reproducció del manuscrit, Blanes, 12 de juny de 1920 |
| 500 ## - NOTA GENERAL |
| Nota general |
Títol del núm. reproduit: Recull d'or: manuscrit de escriptors novells |
| 610 #0 - PUNTO DE ACCESO ADICIONAL DE MATERIA - NOMBRE DE ENTIDAD CORPORATIVA |
| 9 (RLIN) |
4738 |
| Nombre de entidad corporativa o nombre de jurisdicción como elemento inicial |
Recull (Revista) |
| Subdivisió,n de materia general |
Història |
| 740 0# - PUNTO DE ACCESO ADICIONAL - TÍTULO RELACIONADO O ANALÍTICO NO CONTROLADO |
| Título relacionado o analítico no controlado |
Recull d'or |
| 907 ## - ELEMENTO G DATOS LOCALES, GDL (RLIN) |
| a |
.b68380793 |
| b |
21-06-21 |
| c |
12-01-17 |
| d |
12-01-17 |
| e |
m |
| f |
a |
| g |
- |
| h |
cat |
| i |
spc |
| j |
0 |
| k |
0 |
| 908 ## - CONTROL DE PARÁMETROS (RLIN) |
| Parametro de comando lanzado |
BC |
| -- |
UB |
| 940 ## - |
| T&íacute;tulo uniforme |
<a href="BC">BC</a> |
| 942 ## - ENTRADA DE ELEMENTOS AGREGADOS (KOHA) |
| Fuente de clasificaión o esquema |
|
| Koha [por defecto] tipo de item |
Fullets |